000 00670nam a2200193 i 4500
001 122392
003 ES-MaACL
005 20250902065116.0
007 t|
008 070214s1971 sp a |||| | spa d
100 1 _aPoyal Costa, José Luis.
_993512
245 1 4 _aLas nuevas técnicas de organización en la empresa periodística /
_cJosé Luis Poyal Costa ; prólogo de Alejandro Fernández Sordo.
260 _aOviedo :
_b[s.n.],
_c1971 (
_fGráf. Summa)
300 _aXII, 108 p. :
_bil. ;
_c22 cm.
650 7 _aEmpresas periodísticas
_2embne
_9166217
700 1 _aFernández Sordo, Alejandro.
_950105
852 _aES-MaACL
_jC-46398
999 _c122392
_d122392